| 000 | 00862cam a2200253 a 4500 | ||
|---|---|---|---|
| 001 | 3314579 | ||
| 005 | 20240208022634.0 | ||
| 008 | 840829s1985 caua b 001 0 eng | ||
| 020 | _a0803922329 | ||
| 020 | _a0803922337 (pbk.) | ||
| 040 |
_aDLC _cDLC _dDLC |
||
| 082 | 0 | 0 |
_a306.8 _219 _bRIC. |
| 100 | 1 | _aGelles, Richard J. | |
| 245 | 1 | 0 |
_aIntimate violence in families / _cRichard J. Gelles and Claire Pedrick Cornell. |
| 260 |
_aBeverly Hills, Calif. : _bSage Publications, _c1985. |
||
| 300 | _a160 p. : | ||
| 500 | _aIncludes indexes. | ||
| 650 | 0 | _aFamily violence | |
| 700 | 1 |
_aCornell, Claire Pedrick. _eedt |
|
| 856 | 4 | 2 | _uhttp://www.loc.gov/catdir/enhancements/fy0658/84018066-d.html |
| 856 | 4 | 1 | _uhttp://www.loc.gov/catdir/enhancements/fy0658/84018066-t.html |
| 856 | 4 | 2 | _uhttp://www.loc.gov/catdir/enhancements/fy0739/84018066-b.html |
| 942 | _cL | ||
| 999 |
_c333 _d333 |
||